Une principauté au coeur des Pyrenées (Record no. 87528)

MARC details
000 -LEADER
campo de control de longitud fija 00490nam a2200157 i 4500
001 - NÚMERO DE CONTROL
campo de control 87528
003 - IDENTIFICADOR DE NÚMERO DE CONTROL
campo de control ES-MaACL
005 - FECHA Y HORA DE LA ÚLTIMA TRANSACCIÓN
campo de control 20230906175704.0
007 - CAMPO FIJO DE DESCRIPCIÓN FÍSICA--INFORMACIÓN GENERAL
campo de control de longitud fija t|
008 - DATOS DE LONGITUD FIJA--INFORMACIÓN GENERAL
campo de control de longitud fija 041222s1958 sp ||||1| fre d
100 1# - ENTRADA PRINCIPAL--NOMBRE DE PERSONA
Nombre de persona Kucera, Enrique.
9 (RLIN) 68945
245 14 - MENCIÓN DEL TÍTULO
Título Une principauté au coeur des Pyrenées
Resto del título : les Vallées d'Andorra /
Mención de responsabilidad, etc. par Henric Kucera.
260 ## - PUBLICACIÓN, DISTRIBUCIÓN, ETC.
Lugar de publicación, distribución, etc. Barcelona :
Nombre del editor, distribuidor, etc. Enrique Kucera,
Fecha de publicación, distribución, etc. [1958] (
Fabricante S.A.D.A.G.)
300 ## - DESCRIPCIÓN FÍSICA
Extensión 63 p. :
Otras características físicas il. ;
Dimensiones 14 cm.
852 ## - LOCALIZACIÓN
Ubicación ES-MaACL
Número de control de estantería D-8374
Sublocalización o colección R.42384
Holdings
Estatus retirado Estado de pérdida Estado de daño No para préstamo Biblioteca de origen Biblioteca actual Ubicación en estantería Fecha de adquisición Fuente de adquisición Total de préstamos Signatura topográfica completa Código de barras Visto por última vez Precio de reemplazo Tipo de ítem Koha
        Biblioteca del Ateneo de Madrid Biblioteca del Ateneo de Madrid Sala Valle Inclán 17/01/2008     D-8374 901091444 23/02/2023 23/02/2023 Libro impreso